| 000 | 01093cab a2200253 4500 | ||
|---|---|---|---|
| 001 | WB3312-36 | ||
| 008 | 090401t1997 xxu||||| |||| 00| 0 eng d | ||
| 035 | _a(Sirsi) u77212 | ||
| 041 | _aeng | ||
| 245 | _aAcquisition by tenants | ||
| 260 | _c1997 | ||
| 350 | _a0 | ||
| 490 |
_aEstates Gazette Case Summaries _v1997 EGCS 29 (15/3/97) |
||
| 520 | _a"Michaels and another v Frogmore Estates plc and another" ChD 3 March 1997. Sale of block of flats. Attempt to avoid tenant pre-emption rights under the Landlord and Tenant Act 1987 by vesting block in a subsidiary company and contracting to sell controlling shareholding. Question whether the contractual obligation to transfer shares put an end to subsidiary status. Action dismissed. | ||
| 650 | _aBLOCK OF FLATS | ||
| 650 | _aCOMPANIES ACT 1985 | ||
| 650 | _aLANDLORD AND TENANT ACT 1987 | ||
| 650 | _aMICHAELS AND ANOTHER V FROGMORE ESTATES PLC AND ANOTHER | ||
| 650 | _aPRE-EMPTION RIGHTS | ||
| 650 | _aSALE OF FLATS | ||
| 690 | _aLANDLORD AND TENANT-CASE LAW-RESIDENTIAL TENANCIES | ||
| 942 | _n0 | ||
| 948 | _c19/03/1997 | ||
| 999 |
_c48534 _d48534 |
||